000 00509nam a22002057a 4500
003 OSt
005 20140310182236.0
008 121116t xxu||||| |||| 00| 0 eng d
020 _a0671649906
050 _aPS 3552
_b.B658 1984
082 _aFIC
_bB62s 1984
100 _aBlume, Judy
_96113
245 _aSmart Women /
_cJudy Blume
260 _aNew York :
_bPocket Books,
_cc1984.
300 _a375 p. :
_c17 cm.
541 _j1
562 _e1
650 _aFiction
_9746
942 _2lcc
_cBK-FIC
999 _c11029
_d11029